[Event "25th Abu Dhabi Master 2018"]
[Site "Abu Dhabi"]
[Date "2018.08.08"]
[Round "2"]
[White "Hejazipour, Mitra"]
[Black "Rapport, Jovana"]
[Result "0-1"]
[WhiteElo "2285"]
[BlackElo "2354"]
[Annotator "NA"]
[PlyCount "124"]
[EventDate "2018.08.05"]
[EventType "swiss"]
[EventCountry "UAE"]
[SourceTitle "playchess.com"]
[Source "ChessBase"]
[SourceQuality "1"]
[TimeControl "5400+30"]

1. d4 {[%emt 0:00:00]} e6 {[%emt 0:00:00]} 2. Nf3 {[%emt 0:00:27]} Nf6 {[%emt 0:00:37]} 3. c4 {[%emt 0:00:14]} b6 {[%emt 0:00:23]} 4. g3 {[%emt 0:04:23]} Bb7 {[%emt 0:00:44]} 5. Bg2 {[%emt 0:00:12]} Be7 {[%emt 0:00:26]} 6. Nc3 {[%emt 0:00:41]} Ne4 {[%emt 0:04:24]} 7. Qc2 {[%emt 0:03:27]} Nxc3 {[%emt 0:06:26]} 8. Qxc3 {[%emt 0:00:02]} a5 {[%emt 0:05:18]} 9. O-O {[%emt 0:01:38]} O-O {[%emt 0:00:08]} 10. Qc2 {[%emt 0:04:56]} d6 {[%emt 0:01:11]} 11. Ng5 {[%emt 0:06:56]} Bxg5 {[%emt 0:00:13]} 12. Bxb7 {[%emt 0:00:37]} Ra7 {[%emt 0:00:04]} 13. Bg2 {[%emt 0:00:47]} c6 {[%emt 0:04:46]} 14. Rd1 {[%emt 0:02:27]} d5 {[%emt 0:04:14]} 15. h4 {[%emt 0:14:33]} Bxc1 {[%emt 0:00:47]} 16. Raxc1 {[%emt 0:00:08]} f5 {[%emt 0:00:09]} 17. e3 {[%emt 0:11:14]} g5 {[%emt 0:05:17]} 18. hxg5 {[%emt 0:00:40]} Qxg5 {[%emt 0:00:07]} 19. Kf1 {[%emt 0:09:59]} h5 {[%emt 0:00:52]} 20. Ke2 {[%emt 0:00:39]} Rh7 {[%emt 0:09:24]} 21. Rh1 {[%emt 0:05:15]} h4 {[%emt 0:01:38]} 22. gxh4 {[%emt 0:00:20]} Rxh4 {[%emt 0:00:25]} 23. Rxh4 {[%emt 0:00:55]} Qxh4 {[%emt 0:00:02]} 24. cxd5 {[%emt 0:01:06]} Qh2 {[%emt 0:08:48]} 25. dxc6 {[%emt 0:07:12]} Qxg2 {[%emt 0:01:32]} 26. c7 {[%emt 0:00:03]} Qg4+ {[%emt 0:04:12]} 27. Kf1 {[%emt 0:05:40]} Rc8 {[%emt 0:19:22]} 28. cxb8=Q {[%emt 0:00:46]} Rxb8 {[%emt 0:00:02]} 29. Qe2 {[%emt 0:04:29]} Qh3+ {[%emt 0:04:23]} 30. Ke1 {[%emt 0:00:10]} Kf7 {[%emt 0:00:00]} 31. Rc7+ {[%emt 0:01:32]} Kf6 {[%emt 0:00:05]} 32. Qb5 {[%emt 0:02:13]} Qh1+ {[%emt 0:01:59]} 33. Ke2 {[%emt 0:00:02]} Qh5+ {[%emt 0:00:19]} 34. Ke1 {[%emt 0:03:06]} Qh1+ {[%emt 0:00:06]} 35. Qf1 {[%emt 0:00:50]} Qh2 {[%emt 0:02:22]} 36. Rc2 {[%emt 0:06:57]} Rg8 {[%emt 0:00:35]} 37. Qe2 {[%emt 0:00:29]} Rg1+ {[%emt 0:02:54]} 38. Kd2 {[%emt 0:00:03]} Qh1 {[%emt 0:01:55]} 39. Kc3 {[%emt 0:02:23]} Ra1 {[%emt 0:02:33]} 40. Qb5 {[%emt 0:01:29]} Rc1 {[%emt 0:07:17]} 41. Qe5+ {[%emt 0:00:22]} Kf7 {[%emt 0:00:09]} 42. Rxc1 {[%emt 0:00:53]} Qxc1+ {[%emt 0:00:04]} 43. Kb3 {[%emt 0:00:08]} a4+ {[%emt 0:01:51]} 44. Ka3 {[%emt 0:00:40]} Qc4 {[%emt 0:00:18]} 45. Qd6 {[%emt 0:00:19]} b5 {[%emt 0:00:44]} 46. Qc5 {[%emt 0:00:27]} Qe2 {[%emt 0:00:13]} 47. Qc3 {[%emt 0:00:32]} Qxf2 {[%emt 0:00:26]} 48. Kb4 {[%emt 0:00:13]} Qe2 {[%emt 0:00:06]} 49. Ka5 {[%emt 0:00:29]} Kg6 {[%emt 0:00:34]} 50. a3 {[%emt 0:00:59]} Kg5 {[%emt 0:00:19]} 51. Kb6 {[%emt 0:00:45]} Kg4 {[%emt 0:00:11]} 52. Qb4 {[%emt 0:00:39]} Qxe3 {[%emt 0:00:26]} 53. Kxb5 {[%emt 0:00:08]} Qb3 {[%emt 0:00:40]} 54. Ka5 {[%emt 0:00:51]} f4 {[%emt 0:00:46]} 55. Qf8 {[%emt 0:00:30]} f3 {[%emt 0:00:04]} 56. Qg7+ {[%emt 0:00:16]} Kh3 {[%emt 0:00:23]} 57. Qh6+ {[%emt 0:00:15]} Kg2 {[%emt 0:00:12]} 58. Qg5+ {[%emt 0:00:04]} Kf1 {[%emt 0:00:13]} 59. Qc1+ {[%emt 0:01:24]} Ke2 {[%emt 0:00:02]} 60. Qf4 {[%emt 0:00:31]} f2 {[%emt 0:01:20]} 61. Qg4+ {[%emt 0:00:13]} Qf3 {[%emt 0:00:59]} 62. Qxe6+ {[%emt 0:00:05]} Kd1 {[%emt 0:00:02]} 0-1

[Event "25th Abu Dhabi Master 2018"]
[Site "Abu Dhabi"]
[Date "2018.08.08"]
[Round "2"]
[White "Mansour, Sameer"]
[Black "Srihari, LR."]
[Result "0-1"]
[WhiteElo "2275"]
[BlackElo "2135"]
[Annotator "NA"]
[PlyCount "122"]
[EventDate "2018.08.05"]
[EventType "swiss"]
[EventCountry "UAE"]
[SourceTitle "playchess.com"]
[Source "ChessBase"]
[SourceQuality "1"]
[TimeControl "5400+30"]

1. e4 {[%emt 0:00:31]} c6 {[%emt 0:01:39]} 2. d4 {[%emt 0:00:17]} d5 {[%emt 0:00:06]} 3. e5 {[%emt 0:00:23]} Bf5 {[%emt 0:00:18]} 4. Nc3 {[%emt 0:00:08]} e6 {[%emt 0:00:58]} 5. g4 {[%emt 0:00:42]} Bg6 {[%emt 0:00:06]} 6. Nge2 {[%emt 0:03:36]} f6 {[%emt 0:03:02]} 7. Nf4 {[%emt 0:03:11]} fxe5 {[%emt 0:04:20]} 8. Nxg6 {[%emt 0:01:07]} hxg6 {[%emt 0:03:02]} 9. dxe5 {[%emt 0:00:08]} Nd7 {[%emt 0:00:14]} 10. Bf4 {[%emt 0:03:38]} Bc5 {[%emt 0:14:06]} 11. Bd3 {[%emt 0:02:10]} Ne7 {[%emt 0:02:46]} 12. Qe2 {[%emt 0:06:42]} Qc7 {[%emt 0:11:50]} 13. Bg3 {[%emt 0:06:34]} Bd4 {[%emt 0:12:50]} 14. f4 {[%emt 0:05:24]} O-O-O {[%emt 0:06:41]} 15. Nd1 {[%emt 0:17:17]} g5 {[%emt 0:02:54]} 16. c3 {[%emt 0:04:48]} gxf4 {[%emt 0:00:24]} 17. cxd4 {[%emt 0:00:02]} fxg3 {[%emt 0:00:02]} 18. Nc3 {[%emt 0:00:01]} Rdf8 {[%emt 0:01:23]} 19. O-O-O {[%emt 0:01:55]} Qb6 {[%emt 0:03:06]} 20. Bc2 {[%emt 0:03:05]} a6 {[%emt 0:08:40]} 21. Qd2 {[%emt 0:13:55]} Rxh2 {[%emt 0:04:54]} 22. Rxh2 {[%emt 0:01:09]} gxh2 {[%emt 0:00:05]} 23. Qxh2 {[%emt 0:00:27]} c5 {[%emt 0:00:29]} 24. Na4 {[%emt 0:06:30]} Qc7 {[%emt 0:01:40]} 25. Qh4 {[%emt 0:03:26]} Nc6 {[%emt 0:01:00]} 26. dxc5 {[%emt 0:00:55]} Qxe5 {[%emt 0:01:28]} 27. Kb1 {[%emt 0:03:27]} Nd4 {[%emt 0:05:33]} 28. Qe7 {[%emt 0:03:08]} Rh8 {[%emt 0:02:38]} 29. Nb6+ {[%emt 0:04:21]} Nxb6 {[%emt 0:00:32]} 30. cxb6 {[%emt 0:00:02]} Nxc2 {[%emt 0:00:54]} 31. Qc5+ {[%emt 0:04:12]} Kd8 {[%emt 0:04:31]} 32. Qxc2 {[%emt 0:00:48]} Rh2 {[%emt 0:00:15]} 33. Qb3 {[%emt 0:01:47]} Qe4+ {[%emt 0:00:31]} 34. Ka1 {[%emt 0:00:36]} Qc2 {[%emt 0:02:27]} 35. Rf1 {[%emt 0:00:02]} Rf2 {[%emt 0:01:02]} 36. Rh1 {[%emt 0:00:00]} Qxb3 {[%emt 0:00:09]} 37. axb3 {[%emt 0:00:02]} Rf6 {[%emt 0:00:39]} 38. Rc1 {[%emt 0:00:51]} e5 {[%emt 0:01:06]} 39. Rc7 {[%emt 0:00:02]} Rxb6 {[%emt 0:00:04]} 40. Rxg7 {[%emt 0:00:02]} Rxb3 {[%emt 0:00:06]} 41. Kb1 {[%emt 0:00:08]} Kc8 {[%emt 0:00:09]} 42. Kc2 {[%emt 0:00:09]} Rg3 {[%emt 0:00:14]} 43. g5 {[%emt 0:01:00]} e4 {[%emt 0:00:06]} 44. g6 {[%emt 0:00:39]} d4 {[%emt 0:00:35]} 45. Re7 {[%emt 0:00:07]} Rg2+ {[%emt 0:00:51]} 46. Kd1 {[%emt 0:00:37]} Rg1+ {[%emt 0:00:58]} 47. Kd2 {[%emt 0:01:18]} Rg2+ {[%emt 0:00:09]} 48. Kd1 {[%emt 0:00:03]} Rxg6 {[%emt 0:00:12]} 49. Rxe4 {[%emt 0:00:01]} Rd6 {[%emt 0:00:11]} 50. Kd2 {[%emt 0:00:13]} Kc7 {[%emt 0:00:09]} 51. Kd3 {[%emt 0:00:41]} Kc6 {[%emt 0:00:20]} 52. Re5 {[%emt 0:01:53]} Rd5 {[%emt 0:00:30]} 53. Re7 {[%emt 0:00:22]} b6 {[%emt 0:00:47]} 54. Re1 Kb5 {[%emt 0:00:27]} 55. Rc1 {[%emt 0:02:16]} a5 {[%emt 0:01:18]} 56. b3 {[%emt 0:00:37]} Kb4 {[%emt 0:00:14]} 57. Rb1 {[%emt 0:00:31]} Rd6 {[%emt 0:00:48]} 58. Rb2 {[%emt 0:00:32]} Ka3 {[%emt 0:00:11]} 59. Rb1 {[%emt 0:00:24]} Ka2 {[%emt 0:00:17]} 60. Rh1 {[%emt 0:00:08]} Kxb3 {[%emt 0:00:07]} 61. Rb1+ {[%emt 0:00:09]} Ka3 {[%emt 0:00:56]} 0-1

[Event "25th Abu Dhabi Master 2018"]
[Site "Abu Dhabi"]
[Date "2018.08.08"]
[Round "2"]
[White "Mohota, Nisha"]
[Black "Mohamed, Faisal"]
[Result "1/2-1/2"]
[WhiteElo "2268"]
[BlackElo "2134"]
[Annotator "NA"]
[PlyCount "141"]
[EventDate "2018.08.05"]
[EventType "swiss"]
[EventCountry "UAE"]
[SourceTitle "playchess.com"]
[Source "ChessBase"]
[SourceQuality "1"]
[TimeControl "5400+30"]

1. d4 d5 2. c4 c6 3. Nf3 Nf6 4. e3 e6 5. b3 Bb4+ 6. Nbd2 Nbd7 7. Bd3 O-O 8. O-O Re8 9. Bb2 Qa5 10. a3 Bxd2 11. Qxd2 Qxd2 12. Nxd2 e5 13. cxd5 Nxd5 14. Nc4 exd4 15. Bxd4 N7f6 16. Nd6 Rd8 17. Nxc8 Raxc8 18. Bf5 Ra8 19. Rfd1 Ne7 20. Bc2 Ned5 21. e4 Nf4 22. Be5 Ne6 23. b4 Rxd1+ 24. Rxd1 Rd8 25. Rxd8+ Nxd8 26. Bd4 a6 27. h3 Ne6 28. Be3 g5 29. g3 g4 30. hxg4 Nxg4 31. Ba7 Ne5 32. f4 Nd4 33. Ba4 Ne2+ 34. Kf2 Nc3 35. Bb3 Nd7 36. e5 Kf8 37. Be3 Ke7 38. Kf3 b6 39. Bc1 c5 40. Bb2 Nb5 41. Ke4 Nc7 42. f5 b5 43. Bd1 cxb4 44. axb4 Nb6 45. Bd4 Nc4 46. Bc5+ Kd7 47. Bh5 Nd2+ 48. Kd3 Nc4 49. Kd4 Nd2 50. Bd6 Ne8 51. Bb8 Ng7 52. Bg4 Nc4 53. Ba7 h5 54. Bh3 Nd2 55. Kd5 Nc4 56. Bc5 Nd2 57. e6+ fxe6+ 58. fxe6+ Kd8 59. Kc6 Ne4 60. e7+ Ke8 61. Bd4 Kxe7 62. Bxg7 Nxg3 63. Kb6 Ne2 64. Kxa6 Nf4 65. Bf5 Kd6 66. Kxb5 h4 67. Bh6 Nd5 68. Bg7 Nf4 69. Kc4 h3 70. Bh6 Ke5 71. Bxf4+ 1/2-1/2

[Event "25th Abu Dhabi Master 2018"]
[Site "Abu Dhabi"]
[Date "2018.08.08"]
[Round "2"]
[White "Aaryan, Varshney"]
[Black "Ali, Nehad"]
[Result "1-0"]
[WhiteElo "2261"]
[BlackElo "2113"]
[Annotator "NA"]
[PlyCount "55"]
[EventDate "2018.08.05"]
[EventType "swiss"]
[EventCountry "UAE"]
[SourceTitle "playchess.com"]
[Source "ChessBase"]
[SourceQuality "1"]
[TimeControl "5400+30"]

1. d4 d5 2. c4 e6 3. Nc3 c6 4. e3 Nf6 5. Nf3 Nbd7 6. Bd3 a6 7. a4 Bb4 8. O-O O-O 9. Bd2 Re8 10. Nxd5 Nxd5 11. cxd5 Bxd2 12. dxe6 Ba5 13. exd7 Bxd7 14. Ne5 Be6 15. f4 Bb6 16. Qh5 g6 17. Qh6 f5 18. Rf3 Qf6 19. h4 Re7 20. h5 Qg7 21. Qg5 gxh5 22. Qh4 Kf8 23. Rg3 Qh6 24. Rg5 Qf6 25. Rg8+ Kxg8 26. Qxf6 Rae8 27. Bxf5 Bd5 28. Bd7 1-0

[Event "25th Abu Dhabi Master 2018"]
[Site "Abu Dhabi"]
[Date "2018.08.08"]
[Round "2"]
[White "Alinasab, Mobina"]
[Black "Mayank, Pal"]
[Result "1-0"]
[WhiteElo "2259"]
[BlackElo "2100"]
[Annotator "NA"]
[PlyCount "117"]
[EventDate "2018.08.05"]
[EventType "swiss"]
[EventCountry "UAE"]
[SourceTitle "playchess.com"]
[Source "ChessBase"]
[SourceQuality "1"]
[TimeControl "5400+30"]

1. e4 {[%emt 0:00:00]} e5 {[%emt 0:00:16]} 2. Nf3 {[%emt 0:00:03]} Nf6 {[%emt 0:00:24]} 3. Nxe5 {[%emt 0:00:45]} d6 {[%emt 0:00:21]} 4. Nf3 {[%emt 0:00:06]} Nxe4 {[%emt 0:00:09]} 5. d3 {[%emt 0:03:12]} Nf6 {[%emt 0:00:33]} 6. d4 {[%emt 0:00:34]} d5 {[%emt 0:01:11]} 7. Bd3 {[%emt 0:00:09]} Bd6 {[%emt 0:04:53]} 8. O-O {[%emt 0:00:05]} O-O {[%emt 0:00:39]} 9. Re1 {[%emt 0:00:08]} Bg4 {[%emt 0:07:20]} 10. Bg5 {[%emt 0:01:23]} Nc6 {[%emt 0:09:27]} 11. c3 {[%emt 0:00:13]} h6 {[%emt 0:01:10]} 12. Bh4 {[%emt 0:02:42]} Bf4 {[%emt 0:04:19]} 13. h3 {[%emt 0:02:17]} Bxf3 {[%emt 0:11:38]} 14. Qxf3 {[%emt 0:00:09]} Qd6 {[%emt 0:02:11]} 15. Bxf6 Qxf6 {[%emt 0:00:11]} 16. Qxd5 {[%emt 0:06:01]} Rfe8 {[%emt 0:06:33]} 17. Na3 {[%emt 0:00:44]} g6 {[%emt 0:02:05]} 18. Qf3 {[%emt 0:00:38]} Kg7 {[%emt 0:05:07]} 19. g3 {[%emt 0:02:14]} Bd6 {[%emt 0:00:05]} 20. Qxf6+ {[%emt 0:00:04]} Kxf6 {[%emt 0:00:02]} 21. Nb5 {[%emt 0:00:12]} a6 {[%emt 0:00:45]} 22. Nxd6 {[%emt 0:00:34]} cxd6 {[%emt 0:00:02]} 23. Be4 {[%emt 0:00:20]} Rec8 {[%emt 0:02:42]} 24. Bd5 {[%emt 0:00:40]} Rc7 {[%emt 0:04:02]} 25. Re3 {[%emt 0:00:18]} Rf8 {[%emt 0:02:05]} 26. Rae1 {[%emt 0:10:11]} Ne7 {[%emt 0:03:56]} 27. Bb3 {[%emt 0:00:06]} h5 {[%emt 0:01:44]} 28. Kg2 {[%emt 0:00:19]} b5 {[%emt 0:01:26]} 29. g4 {[%emt 0:01:42]} hxg4 {[%emt 0:04:31]} 30. hxg4 {[%emt 0:00:07]} Nc6 {[%emt 0:00:37]} 31. Bd5 {[%emt 0:00:34]} Na5 {[%emt 0:00:52]} 32. Re8 {[%emt 0:00:19]} Rxe8 {[%emt 0:06:39]} 33. Rxe8 {[%emt 0:00:02]} Nc4 {[%emt 0:02:38]} 34. Bxc4 {[%emt 0:00:06]} bxc4 {[%emt 0:00:31]} 35. Rb8 {[%emt 0:00:09]} Ke6 {[%emt 0:01:00]} 36. Rb6 {[%emt 0:00:39]} Ra7 {[%emt 0:00:11]} 37. Kf3 {[%emt 0:00:21]} Kd5 {[%emt 0:03:16]} 38. Ke3 {[%emt 0:00:47]} Re7+ {[%emt 0:00:54]} 39. Kd2 {[%emt 0:00:08]} Ra7 {[%emt 0:00:51]} 40. b3 {[%emt 0:00:07]} cxb3 {[%emt 0:03:25]} 41. axb3 {[%emt 0:00:06]} Ke6 {[%emt 0:01:36]} 42. c4 {[%emt 0:00:19]} Kd7 {[%emt 0:00:09]} 43. Kc3 {[%emt 0:01:56]} a5 {[%emt 0:02:47]} 44. Kb2 {[%emt 0:01:37]} f5 {[%emt 0:01:03]} 45. gxf5 {[%emt 0:03:08]} gxf5 {[%emt 0:00:02]} 46. Ka3 {[%emt 0:00:08]} Ra8 {[%emt 0:00:38]} 47. Ka4 {[%emt 0:00:37]} Rh8 {[%emt 0:01:23]} 48. c5 {[%emt 0:00:30]} dxc5 {[%emt 0:00:31]} 49. dxc5 {[%emt 0:00:05]} Rh2 {[%emt 0:00:32]} 50. Rd6+ {[%emt 0:00:54]} Kc7 {[%emt 0:00:22]} 51. Kxa5 {[%emt 0:00:31]} Rxf2 {[%emt 0:00:03]} 52. b4 {[%emt 0:00:24]} f4 {[%emt 0:00:56]} 53. Kb5 {[%emt 0:01:15]} f3 {[%emt 0:00:22]} 54. Rf6 {[%emt 0:00:04]} Rf1 {[%emt 0:02:14]} 55. Rf7+ {[%emt 0:00:04]} Kd8 {[%emt 0:00:07]} 56. c6 {[%emt 0:00:50]} f2 {[%emt 0:00:07]} 57. c7+ {[%emt 0:00:13]} Ke8 {[%emt 0:00:23]} 58. c8=Q+ {[%emt 0:00:09]} Kxf7 {[%emt 0:00:04]} 59. Qc4+ {[%emt 0:00:03]} 1-0

[Event "25th Abu Dhabi Master 2018"]
[Site "Abu Dhabi"]
[Date "2018.08.08"]
[Round "2"]
[White "Navalgund, Niranjan"]
[Black "Panda, Sambit"]
[Result "1/2-1/2"]
[WhiteElo "2255"]
[BlackElo "2043"]
[Annotator "NA"]
[PlyCount "208"]
[EventDate "2018.08.05"]
[EventType "swiss"]
[EventCountry "UAE"]
[SourceTitle "playchess.com"]
[Source "ChessBase"]
[SourceQuality "1"]
[TimeControl "5400+30"]

1. d4 {[%emt 0:00:00]} d5 {[%emt 0:00:00]} 2. Nf3 {[%emt 0:00:00]} Nf6 {[%emt 0:00:04]} 3. c4 {[%emt 0:00:00]} e6 {[%emt 0:00:04]} 4. g3 {[%emt 0:00:00]} Be7 {[%emt 0:00:04]} 5. Bg2 {[%emt 0:00:00]} O-O {[%emt 0:00:06]} 6. O-O {[%emt 0:00:00]} dxc4 {[%emt 0:00:14]} 7. Qc2 {[%emt 0:00:00]} a6 {[%emt 0:00:07]} 8. a4 {[%emt 0:00:00]} Bd7 {[%emt 0:00:03]} 9. Rd1 {[%emt 0:00:02]} Bc6 {[%emt 0:00:18]} 10. Bg5 {[%emt 0:00:03]} a5 {[%emt 0:21:03]} 11. Nbd2 {[%emt 0:07:02]} Na6 {[%emt 0:03:56]} 12. Bxf6 {[%emt 0:11:36]} Bxf6 {[%emt 0:00:44]} 13. e4 {[%emt 0:00:35]} Qd7 {[%emt 0:15:32]} 14. Qxc4 {[%emt 0:27:09]} Rfd8 {[%emt 0:08:55]} 15. Bh3 {[%emt 0:12:15]} Nb4 {[%emt 0:14:28]} 16. d5 {[%emt 0:10:45]} exd5 {[%emt 0:03:54]} 17. Bxd7 {[%emt 0:00:23]} dxc4 {[%emt 0:00:05]} 18. Bxc6 {[%emt 0:00:06]} Bxb2 {[%emt 0:10:06]} 19. Bxb7 {[%emt 0:07:39]} Rab8 {[%emt 0:00:15]} 20. Rab1 {[%emt 0:02:31]} c3 {[%emt 0:01:39]} 21. Nb3 {[%emt 0:01:15]} Nd3 {[%emt 0:11:33]} 22. Ne1 {[%emt 0:07:21]} Nxe1 {[%emt 0:07:00]} 23. Rxd8+ {[%emt 0:00:29]} Rxd8 {[%emt 0:00:03]} 24. Rxe1 {[%emt 0:00:08]} Rb8 {[%emt 0:01:08]} 25. Bd5 {[%emt 0:00:49]} c6 {[%emt 0:00:27]} 26. Re2 {[%emt 0:08:55]} cxd5 {[%emt 0:00:31]} 27. exd5 {[%emt 0:00:02]} Kf8 {[%emt 0:00:37]} 28. Nxa5 {[%emt 0:01:38]} Re8 {[%emt 0:00:26]} 29. Rc2 {[%emt 0:00:26]} Re1+ {[%emt 0:00:33]} 30. Kg2 {[%emt 0:00:01]} Ra1 {[%emt 0:00:31]} 31. Nc4 {[%emt 0:01:30]} Rxa4 {[%emt 0:00:30]} 32. Nxb2 {[%emt 0:00:20]} cxb2 {[%emt 0:00:08]} 33. Rxb2 {[%emt 0:00:02]} Ra7 {[%emt 0:00:53]} 34. Kf3 {[%emt 0:00:54]} Ke7 {[%emt 0:00:09]} 35. Rb6 {[%emt 0:01:06]} Ra3+ {[%emt 0:00:50]} 36. Kg4 {[%emt 0:00:16]} Ra2 {[%emt 0:00:14]} 37. Rb7+ {[%emt 0:00:28]} Ke8 {[%emt 0:00:36]} 38. Kf3 {[%emt 0:00:24]} Rd2 {[%emt 0:00:36]} 39. Rb5 {[%emt 0:00:19]} Ra2 {[%emt 0:00:33]} 40. Ke3 {[%emt 0:00:42]} Ke7 {[%emt 0:00:29]} 41. Rb7+ {[%emt 0:00:34]} Kf6 {[%emt 0:00:26]} 42. h4 {[%emt 0:01:42]} Ra3+ {[%emt 0:00:31]} 43. Ke4 {[%emt 0:00:40]} Ra2 {[%emt 0:00:31]} 44. Kf3 {[%emt 0:00:54]} Rd2 {[%emt 0:00:27]} 45. Rd7 {[%emt 0:00:14]} h5 {[%emt 0:00:25]} 46. Ke3 {[%emt 0:00:43]} Rd1 {[%emt 0:00:40]} 47. f3 {[%emt 0:00:34]} Rg1 {[%emt 0:00:34]} 48. Kf4 {[%emt 0:00:19]} Ra1 {[%emt 0:00:25]} 49. Rd6+ {[%emt 0:00:24]} Ke7 {[%emt 0:00:06]} 50. Rb6 {[%emt 0:00:07]} g6 {[%emt 0:00:51]} 51. Rb7+ {[%emt 0:01:23]} Kf6 {[%emt 0:00:11]} 52. Rb4 {[%emt 0:00:25]} Rd1 {[%emt 0:00:52]} 53. Ke4 {[%emt 0:00:35]} Rg1 {[%emt 0:00:23]} 54. Ke3 {[%emt 0:00:42]} Ke5 {[%emt 0:00:33]} 55. Kf2 {[%emt 0:00:29]} Rd1 {[%emt 0:00:21]} 56. Rb7 {[%emt 0:00:02]} Rxd5 {[%emt 0:00:38]} 57. Rxf7 {[%emt 0:00:03]} Ke6 {[%emt 0:00:08]} 58. Rf4 {[%emt 0:00:33]} Rd2+ {[%emt 0:00:28]} 59. Ke3 {[%emt 0:00:35]} Ra2 {[%emt 0:00:56]} 60. Rb4 {[%emt 0:00:03]} Kf5 {[%emt 0:00:31]} 61. Rf4+ {[%emt 0:00:06]} Ke5 {[%emt 0:00:18]} 62. Re4+ {[%emt 0:01:32]} Kf5 {[%emt 0:00:07]} 63. Rd4 {[%emt 0:00:06]} Rg2 {[%emt 0:00:33]} 64. Ra4 {[%emt 0:00:16]} Rb2 {[%emt 0:00:33]} 65. Ra5+ {[%emt 0:00:01]} Kf6 {[%emt 0:00:06]} 66. Rd5 {[%emt 0:00:11]} Rb4 {[%emt 0:00:38]} 67. Rd4 {[%emt 0:00:14]} Rb5 {[%emt 0:00:28]} 68. Ra4 {[%emt 0:00:24]} Kf5 {[%emt 0:00:20]} 69. Rf4+ {[%emt 0:02:20]} Ke5 {[%emt 0:00:08]} 70. Rd4 {[%emt 0:00:14]} Rb3+ {[%emt 0:00:20]} 71. Rd3 {[%emt 0:00:02]} Rb4 {[%emt 0:00:25]} 72. Ra3 {[%emt 0:00:25]} Rb5 {[%emt 0:00:08]} 73. Rc3 {[%emt 0:00:58]} Kf5 {[%emt 0:00:11]} 74. Kd4 {[%emt 0:00:21]} Rb4+ {[%emt 0:00:23]} 75. Kc5 {[%emt 0:01:27]} Rb2 {[%emt 0:00:20]} 76. Kd6 {[%emt 0:00:11]} Kf6 {[%emt 0:01:18]} 77. Rc5 {[%emt 0:00:32]} Rb3 {[%emt 0:00:11]} 78. g4 {[%emt 0:00:25]} Rd3+ {[%emt 0:01:04]} 79. Rd5 {[%emt 0:00:19]} Rxf3 {[%emt 0:00:25]} 80. g5+ {[%emt 0:00:18]} Kg7 {[%emt 0:00:17]} 81. Ke6 {[%emt 0:01:08]} Rf4 {[%emt 0:01:03]} 82. Rd7+ {[%emt 0:00:25]} Kg8 {[%emt 0:00:02]} 83. Ra7 {[%emt 0:00:11]} Rf2 {[%emt 0:00:26]} 84. Ra4 {[%emt 0:00:19]} Kg7 {[%emt 0:00:21]} 85. Re4 {[%emt 0:00:02]} Rf1 {[%emt 0:00:36]} 86. Kd5 {[%emt 0:01:07]} Kf7 {[%emt 0:00:22]} 87. Ke5 {[%emt 0:01:07]} Rf5+ {[%emt 0:00:15]} 88. Kd6 {[%emt 0:00:04]} Kg7 {[%emt 0:00:11]} 89. Re7+ {[%emt 0:00:25]} Kg8 {[%emt 0:00:07]} 90. Re5 {[%emt 0:00:30]} Rf4 {[%emt 0:00:06]} 91. Ke6 {[%emt 0:00:36]} Kg7 {[%emt 0:00:26]} 92. Ra5 {[%emt 0:00:54]} Re4+ {[%emt 0:00:10]} 93. Kd5 {[%emt 0:00:13]} Rxh4 {[%emt 0:01:32]} 94. Ra7+ {[%emt 0:00:04]} Kf8 {[%emt 0:00:12]} 95. Ke5 {[%emt 0:00:54]} Rb4 {[%emt 0:00:06]} 96. Ra8+ {[%emt 0:00:39]} Kf7 {[%emt 0:00:06]} 97. Ra7+ {[%emt 0:00:04]} Kf8 {[%emt 0:00:04]} 98. Ra6 {[%emt 0:00:24]} Kf7 {[%emt 0:00:05]} 99. Ra7+ {[%emt 0:00:07]} Kf8 {[%emt 0:00:06]} 100. Ra8+ {[%emt 0:00:36]} Kf7 {[%emt 0:00:06]} 101. Ra7+ {[%emt 0:00:08]} Kf8 {[%emt 0:00:06]} 102. Ra6 {[%emt 0:00:27]} Kf7 {[%emt 0:00:05]} 103. Ra7+ {[%emt 0:00:11]} Kf8 {[%emt 0:00:12]} 104. Ra8+ {[%emt 0:00:12]} Ke7 {Ke4} 1/2-1/2

[Event "25th Abu Dhabi Master 2018"]
[Site "Abu Dhabi"]
[Date "2018.08.08"]
[Round "2"]
[White "Rayes, Abdul Kader"]
[Black "Al Zaabi, Sultan"]
[Result "1-0"]
[WhiteElo "2242"]
[BlackElo "1945"]
[Annotator "NA"]
[PlyCount "77"]
[EventDate "2018.08.05"]
[EventType "swiss"]
[EventCountry "UAE"]
[SourceTitle "playchess.com"]
[Source "ChessBase"]
[SourceQuality "1"]
[TimeControl "5400+30"]

1. c4 {[%emt 0:02:42]} Nf6 {[%emt 0:02:19]} 2. d4 {[%emt 0:00:56]} g6 {[%emt 0:00:07]} 3. g3 {[%emt 0:04:27]} c6 {[%emt 0:01:10]} 4. Nc3 {[%emt 0:02:58]} d5 {[%emt 0:00:15]} 5. Bg2 {[%emt 0:00:49]} Bg7 {[%emt 0:00:07]} 6. Nf3 {[%emt 0:02:26]} O-O {[%emt 0:00:08]} 7. O-O {[%emt 0:03:29]} Ne4 {[%emt 0:01:42]} 8. Qb3 {[%emt 0:08:32]} e6 {[%emt 0:22:04]} 9. Rd1 {[%emt 0:07:26]} Qe7 {[%emt 0:05:01]} 10. Bf4 {[%emt 0:23:32]} Nd7 {[%emt 0:05:47]} 11. Nxe4 {[%emt 0:05:28]} dxe4 {[%emt 0:00:16]} 12. Ne5 {[%emt 0:02:08]} f5 {[%emt 0:08:00]} 13. Nxd7 {[%emt 0:01:46]} Qxd7 {[%emt 0:04:27]} 14. f3 {[%emt 0:05:25]} exf3 {[%emt 0:02:28]} 15. Bxf3 {[%emt 0:02:15]} Qe7 {[%emt 0:04:17]} 16. c5 {[%emt 0:00:57]} Re8 {[%emt 0:00:44]} 17. Rac1 {[%emt 0:03:01]} Bf6 {[%emt 0:05:07]} 18. e3 {[%emt 0:01:06]} Kh8 {[%emt 0:03:13]} 19. Qc3 {[%emt 0:04:36]} e5 {[%emt 0:10:35]} 20. Bxe5 {[%emt 0:04:17]} Bxe5 {[%emt 0:00:24]} 21. dxe5 {[%emt 0:00:02]} Be6 {[%emt 0:05:08]} 22. b3 {[%emt 0:03:48]} Kg8 {[%emt 0:02:16]} 23. Kf2 {[%emt 0:04:35]} Bf7 {[%emt 0:06:02]} 24. Rd6 {[%emt 0:02:04]} Qxe5 {[%emt 0:00:50]} 25. Qd2 {[%emt 0:02:27]} Be6 {[%emt 0:01:29]} 26. Rc3 {[%emt 0:00:33]} Kg7 {[%emt 0:01:57]} 27. a3 {[%emt 0:00:44]} Re7 {[%emt 0:00:54]} 28. b4 {[%emt 0:00:11]} Rae8 {[%emt 0:00:43]} 29. a4 {[%emt 0:00:34]} Rc8 {[%emt 0:01:07]} 30. Qd4 {[%emt 0:00:44]} Qf6 {[%emt 0:02:59]} 31. b5 {[%emt 0:00:32]} cxb5 {[%emt 0:01:25]} 32. axb5 {[%emt 0:00:04]} Rcc7 {[%emt 0:00:24]} 33. Ra3 {[%emt 0:00:47]} Qxd4 {[%emt 0:02:19]} 34. exd4 {[%emt 0:00:03]} b6 {[%emt 0:00:11]} 35. Re3 {[%emt 0:00:54]} Kf7 {[%emt 0:00:15]} 36. Rexe6 {[%emt 0:00:29]} Rxe6 {[%emt 0:00:01]} 37. Bd5 {[%emt 0:00:12]} bxc5 {[%emt 0:01:03]} 38. Rxe6 {[%emt 0:00:08]} cxd4 {[%emt 0:00:14]} 39. Rc6+ {[%emt 0:00:38]} 1-0